01012cam a2200265 450000100060000000300080000600500170001400800410003103500190007203500180009104000270010904100080013608200220014424501110016626000610027730000280033850400310036650400510039750501850044865000200063365000260065383000100067970000210068983000360071030426BD-RjUL20211209051548.0140409s1951 nyu b 001 0 eng u a(BD-RjUL)30511 a(OCoLC)418144 aDLCcAKRdBD-RjULbeng aeng00a153.082bORG 195100aOrganization and pathology of thought :bselected sources /ctranslation and commentary by David Rapaport. aNew York ;aLondon :bColumbia University Press,cc1951. axviii, 786 p. ;b24 cm. aBibliography: p. [731]-770 aIncludes bibliographical references and index.0 apt. 1. Introduction -- pt. 2. Directed thinking -- pt. 3. Symbolism -- pt. 4. Motivation of thinking -- pt. 5. Fantasy-thinking -- pt. 6. Pathology of thinking -- pt. 7. Conclusion 0aPsychoanalysis. 0aThought and thinking. 0vno. 11 aRapaport, David. 0aAusten Riggs Center monograph ;